[Event "10. OSIJEK OPEN"]
[Site "Osijek"]
[Date "2017.02.24"]
[Round "4.23"]
[White "Trepsic, Zvonimir"]
[Black "Macanga, Branko"]
[Result "0-1"]
[WhiteElo "1657"]
[BlackElo "1900"]
[PlyCount "58"]
[EventDate "2017.02.23"]

1. e4 Nf6 2. Nc3 d5 3. e5 d4 4. exf6 dxc3 5. bxc3 exf6 6. Nf3 Bd6 7. Be2 O-O 8.
O-O c6 9. d4 Re8 10. Rb1 Qa5 11. Bd3 Qxa2 12. Bd2 Qd5 13. c4 Qh5 14. c5 Bc7 15.
h3 b6 16. cxb6 axb6 17. Be2 Qd5 18. c4 Qd6 19. Bb4 c5 20. dxc5 bxc5 21. Bc3 Ra3
22. Qc2 Rxc3 23. Qxc3 Rxe2 24. Rfd1 Qe7 25. Qd3 g6 26. Rb5 Na6 27. Qd5 Kg7 28.
Qa8 Qe6 29. Kf1 Qxc4 0-1

[Event "10. OSIJEK OPEN"]
[Site "Osijek"]
[Date "2017.02.24"]
[Round "4.24"]
[White "Mrgan, Franjo"]
[Black "Krnic, Matija"]
[Result "1/2-1/2"]
[WhiteElo "1805"]
[BlackElo "1657"]
[PlyCount "168"]
[EventDate "2017.02.23"]

1. e4 c5 2. Nc3 d6 3. g3 g6 4. Nge2 Bg7 5. d3 Nf6 6. Bg2 Nc6 7. O-O O-O 8. h3
Rb8 9. Kh2 Bd7 10. Be3 b5 11. Qd2 a5 12. f4 b4 13. Nd1 a4 14. f5 a3 15. fxg6
fxg6 16. Bh6 axb2 17. Nxb2 Ne5 18. Bxg7 Kxg7 19. Nf4 Rf7 20. d4 cxd4 21. Qxd4
Qb6 22. Rad1 Qxd4 23. Rxd4 g5 24. Nfd3 Nc6 25. Rc4 Rff8 26. c3 b3 27. axb3 Rxb3
28. Nd1 Rfb8 29. Ne3 R3b6 30. Nf5+ Kg6 31. g4 Kf7 32. Ne3 Na5 33. Rc7 Ke8 34.
e5 dxe5 35. Nxe5 Rd6 36. Nxd7 Rxd7 37. Rc5 Nb7 38. Rxg5 Kd8 39. Nc4 Kc7 40. Rg7
Rg8 41. Rxg8 Nxg8 42. g5 Nd6 43. Ne5 Rd8 44. c4 Kb6 45. Bd5 h6 46. h4 Kc5 47.
Nc6 Rc8 48. Bxg8 Kxc6 49. Bd5+ Kd7 50. g6 e6 51. Bf3 Rxc4 52. Kh3 Nf5 53. Bg4
Rc3+ 54. Bf3 Ke7 55. h5 Kf6 56. Rf2 e5 57. Kh2 Rc4 58. Ra2 Rd4 59. Ra7 Ne7 60.
Ra6+ Kg7 61. Re6 Nd5 62. Rxe5 Nf6 63. Re7+ Kg8 64. Kg3 Rd7 65. Re6 Kg7 66. Kf4
Ra7 67. Re5 Rc7 68. Kf5 Ra7 69. Ke6 Ra6+ 70. Ke7 Ra7+ 71. Kd8 Rd7+ 72. Kc8 Ra7
73. Bg2 Ra1 74. Re7+ Kg8 75. g7 Rg1 76. Re6 Nxh5 77. Rxh6 Nxg7 78. Bd5+ Kf8 79.
Kd8 Ne6+ 80. Rxe6 Kg7 81. Re8 Kf6 82. Bc6 Rg3 83. Bd7 Ra3 84. Re6+ Kg5 1/2-1/2

[Event "10. OSIJEK OPEN"]
[Site "Osijek"]
[Date "2017.02.24"]
[Round "4.25"]
[White "Damjanovic, Stjepan"]
[Black "Ristanic, Petar"]
[Result "0-1"]
[WhiteElo "1617"]
[BlackElo "1787"]
[PlyCount "68"]
[EventDate "2017.02.23"]

1. e4 d5 2. exd5 Nf6 3. Nf3 Nxd5 4. d4 Bg4 5. h3 Bh5 6. Be2 e6 7. c3 Nd7 8. O-O
Be7 9. Nbd2 N7f6 10. Ne5 Bg6 11. Nxg6 hxg6 12. Nf3 O-O 13. Ne5 Bd6 14. Bg5 c6
15. c4 Ne7 16. Qb3 Qc7 17. Nd3 Ne4 18. Be3 Nf5 19. Rad1 Nh4 20. Ne1 Rfe8 21.
Nf3 Nf5 22. Bc1 b6 23. Bd3 Nf6 24. Rfe1 Bf4 25. Ne5 Nxd4 26. Qa4 Bxe5 27. Bb1
Nf5 28. b3 Rad8 29. g4 Nh4 30. Kh1 Bc3 31. Rf1 e5 32. b4 e4 33. g5 Nf3 34. Kg2
Qh2# 0-1

[Event "10. OSIJEK OPEN"]
[Site "Osijek"]
[Date "2017.02.24"]
[Round "4.26"]
[White "Rogulja, Marko"]
[Black "Maroslavac, Ivana"]
[Result "1-0"]
[WhiteElo "1468"]
[BlackElo "1731"]
[PlyCount "63"]
[EventDate "2017.02.23"]

1. d4 g6 2. c4 Bg7 3. e3 d6 4. Nf3 Nc6 5. Be2 e5 6. Nc3 exd4 7. exd4 Nf6 8. O-O
O-O 9. Be3 Ng4 10. Bg5 Qd7 11. h3 Nf6 12. Qd2 Re8 13. Rfe1 Ne4 14. Nxe4 Rxe4
15. Bd3 Rxe1+ 16. Rxe1 Bf8 17. Bh6 Qd8 18. Re4 Bf5 19. Rh4 Bxd3 20. Qxd3 Bxh6
21. Rxh6 Qf6 22. Qe4 Rb8 23. h4 Kg7 24. Qe3 Ne7 25. Ng5 Rh8 26. Ne4 Qe6 27. d5
Qd7 28. Qd4+ Kxh6 29. Qxh8 Qc8 30. Qf6 Qe8 31. Ng5 Nf5 32. Nxf7+ 1-0

[Event "10. OSIJEK OPEN"]
[Site "Osijek"]
[Date "2017.02.24"]
[Round "4.27"]
[White "Galonja, Igor"]
[Black "Mandaric, Fran"]
[Result "1-0"]
[WhiteElo "1729"]
[BlackElo "1643"]
[PlyCount "83"]
[EventDate "2017.02.23"]

1. d4 Nf6 2. c4 e6 3. Nc3 Bb4 4. Nf3 c5 5. e3 O-O 6. Bd3 Qe7 7. O-O Bxc3 8.
bxc3 d6 9. e4 e5 10. Re1 b6 11. Kh1 Nc6 12. d5 Nd8 13. Bg5 Nb7 14. Ng1 Nxe4 15.
Be3 Nf6 16. Qb1 Na5 17. Bg5 h6 18. Bh4 Ba6 19. f4 Bxc4 20. Bxc4 Nxc4 21. Qb5
Na5 22. Nf3 e4 23. Nd2 e3 24. Nf1 Qd7 25. Qd3 Ng4 26. Nxe3 Nxe3 27. Rxe3 Rfe8
28. Rg3 Qa4 29. Bf6 Qxf4 30. Bxg7 Qe4 31. Be5+ Kf8 32. Qxe4 Rxe5 33. Qh7 Ke7
34. Rf1 Re8 35. Rxf7+ Kd8 36. Rd7+ Kc8 37. Rc7+ Kb8 38. h3 Rxd5 39. Rxa7 Rc8
40. Rg8 Rd1+ 41. Kh2 Rh1+ 42. Kxh1 1-0

[Event "10. OSIJEK OPEN"]
[Site "Osijek"]
[Date "2017.02.24"]
[Round "4.34"]
[White "Juric, Matea"]
[Black "Juric, Ester"]
[Result "1/2-1/2"]
[WhiteElo "1312"]
[BlackElo "1455"]
[PlyCount "62"]
[EventDate "2017.02.23"]

1. e4 e5 2. Nf3 Nc6 3. Bc4 Bc5 4. d3 h6 5. O-O Nf6 6. Be3 Bb6 7. Nc3 d6 8. h3
O-O 9. Bxb6 axb6 10. Nh2 Be6 11. Bxe6 fxe6 12. f4 exf4 13. Rxf4 e5 14. Rf2 Nh7
15. Qd2 Qg5 16. Qe2 Nd4 17. Qe1 Rae8 18. Rc1 Ne6 19. Nf3 Qe7 20. Rd1 Nhg5 21.
Qe3 Nxf3+ 22. Rxf3 Rxf3 23. Qxf3 Qf8 24. Qe2 Nd4 25. Qd2 Qf6 26. Rf1 Qe6 27. a3
Rf8 28. Rxf8+ Kxf8 29. Qf2+ Qf7 30. Qxf7+ Kxf7 31. Nd5 Nxc2 1/2-1/2

[Event "10. OSIJEK OPEN"]
[Site "Osijek"]
[Date "2017.02.25"]
[Round "5.1"]
[White "Stocko, Josip"]
[Black "Kovacevic, Srecko"]
[Result "1-0"]
[WhiteElo "2348"]
[BlackElo "2070"]
[PlyCount "63"]
[EventDate "2017.02.23"]

1. e4 c6 2. d4 d5 3. e5 Bf5 4. Nf3 e6 5. Be2 c5 6. O-O Nc6 7. Be3 cxd4 8. Nxd4
Nxd4 9. Bxd4 Ne7 10. f4 Nc6 11. Bf2 Be7 12. Nd2 O-O 13. Nb3 Rc8 14. c3 Qc7 15.
a4 h6 16. a5 f6 17. exf6 Bxf6 18. Bd3 Be7 19. Bxf5 Rxf5 20. Qe2 Qd7 21. a6 b6
22. Rae1 Nd8 23. Bd4 Bf6 24. g4 Bxd4+ 25. Nxd4 Rf6 26. g5 hxg5 27. fxg5 Rxf1+
28. Rxf1 Qe8 29. Re1 Rc7 30. Qe5 Qf7 31. Rf1 Qe7 32. g6 1-0

[Event "10. OSIJEK OPEN"]
[Site "Osijek"]
[Date "2017.02.25"]
[Round "5.2"]
[White "Ljikar, Zoran"]
[Black "Bender, Ivan"]
[Result "1-0"]
[WhiteElo "2212"]
[BlackElo "2240"]
[PlyCount "161"]
[EventDate "2017.02.23"]

1. e4 e5 2. Bc4 Nf6 3. d3 Nc6 4. Nf3 Be7 5. O-O O-O 6. Re1 d6 7. c3 h6 8. Bb3
Na5 9. Bc2 c5 10. Nbd2 Nc6 11. Nf1 Re8 12. Ng3 Bf8 13. h3 g6 14. d4 Qe7 15. d5
Nb8 16. Nh2 Bg7 17. f4 exf4 18. Bxf4 Nfd7 19. Qd2 Ne5 20. Bxh6 Nc4 21. Qc1 Qh4
22. Bxg7 Kxg7 23. Ne2 Nd7 24. Nf3 Qe7 25. b3 Nce5 26. Qf4 Rh8 27. Nxe5 Nxe5 28.
Qg3 Bd7 29. Nf4 Rh4 30. Nd3 Rh5 31. Nxe5 Rxe5 32. Re3 Rh8 33. Qf2 Rhh5 34. Rf1
Rh8 35. Rf3 Rf8 36. Rf6 Bf5 37. Rxf5 gxf5 38. Qg3+ Kh6 39. Rf4 fxe4 40. Bd1 Rg5
41. Qh4+ Kg7 42. Rg4 f6 43. Rxe4 Qf7 44. Bc2 Qh5 45. Qf4 Re5 46. Qg3+ Kf7 47.
Rg4 Qh6 48. Kh2 Ke7 49. Rh4 Qg5 50. Rg4 Qe3 51. Rg7+ Rf7 52. Rxf7+ Kxf7 53.
Qg6+ Ke7 54. Qg7+ Kd8 55. Qxf6+ Kc7 56. c4 a6 57. Bh7 b5 58. Bg8 Qg5 59. Qf8
Qd8 60. Qg7+ Qe7 61. Qxe7+ Rxe7 62. Be6 Rxe6 63. dxe6 d5 64. cxb5 axb5 65. Kg3
b4 66. e7 Kd7 67. e8=Q+ Kxe8 68. Kf4 Kf7 69. g4 Kf6 70. h4 Kg6 71. h5+ Kh6 72.
Kf5 d4 73. g5+ Kg7 74. h6+ Kg8 75. g6 d3 76. Kf6 d2 77. h7+ Kh8 78. Kf7 d1=Q
79. g7+ Kxh7 80. g8=Q+ Kh6 81. Qg6# 1-0

[Event "10. OSIJEK OPEN"]
[Site "Osijek"]
[Date "2017.02.25"]
[Round "5.4"]
[White "Ascic, Anto"]
[Black "Cenkovcan, Andrija"]
[Result "1-0"]
[WhiteElo "2134"]
[BlackElo "2030"]
[PlyCount "81"]
[EventDate "2017.02.23"]

1. d4 Nf6 2. Nf3 g6 3. c4 Bg7 4. Nc3 O-O 5. e4 d6 6. Be2 Na6 7. O-O c5 8. d5
Nc7 9. h3 a6 10. a4 b6 11. Qc2 Rb8 12. Rb1 Nd7 13. Be3 Re8 14. Rfd1 Bb7 15. Bf1
h6 16. Bf4 e5 17. dxe6 Nxe6 18. Bxd6 Nd4 19. Nxd4 cxd4 20. Nd5 Rc8 21. Bd3 Bxd5
22. exd5 Nf6 23. Bg3 Nxd5 24. Qd2 Nc7 25. b4 Ne6 26. c5 a5 27. cxb6 Qxb6 28.
bxa5 Qa7 29. Bd6 Red8 30. Rb6 Bf6 31. Rdb1 Bg5 32. f4 Rxd6 33. fxg5 Rd5 34. a6
Nc5 35. gxh6 Qe7 36. Bc4 Ne4 37. Qd3 Nc5 38. Qf3 Rg5 39. a7 Rxg2+ 40. Kxg2 Qg5+
41. Kh1 1-0

[Event "10. OSIJEK OPEN"]
[Site "Osijek"]
[Date "2017.02.25"]
[Round "5.5"]
[White "Mravunac, Branko"]
[Black "Cajzler, Hinko"]
[Result "0-1"]
[WhiteElo "1970"]
[BlackElo "2086"]
[PlyCount "134"]
[EventDate "2017.02.23"]

1. d4 Nf6 2. c4 c5 3. d5 e6 4. Nc3 exd5 5. cxd5 d6 6. e4 g6 7. f4 Bg7 8. Bb5+
Nfd7 9. Nf3 a6 10. Qa4 O-O 11. O-O Nb6 12. Qc2 axb5 13. Nxb5 Bg4 14. a4 Bxf3
15. gxf3 Nc8 16. Bd2 b6 17. Ra2 Nd7 18. Qc4 Qh4 19. b3 Bh6 20. Qc1 Nf6 21. Nc3
Nh5 22. Ne2 Re8 23. b4 Qd8 24. bxc5 bxc5 25. a5 Na7 26. Qc4 Qd7 27. Rb2 Reb8
28. Rfb1 Qc7 29. Rb3 Rxb3 30. Qxb3 Qc8 31. Qb6 Bf8 32. a6 Nf6 33. Qb7 Nd7 34.
Kf2 Be7 35. e5 Bh4+ 36. Kg2 dxe5 37. Nc3 exf4 38. Bxf4 Qe8 39. Ne4 f5 40. Nf2
c4 41. Re1 Qc8 42. Re6 Nc5 43. Qxc8+ Nxc8 44. Rc6 Nxa6 45. Rxc4 Nb6 46. Rd4
Bxf2 47. Kxf2 Rd8 48. d6 Nc5 49. Bh6 Kf7 50. Rd1 Nb7 51. Bf4 Nc8 52. h4 Ncxd6
53. Kg2 Rd7 54. h5 g5 55. Be5 f4 56. Rc1 Ke6 57. Ba1 Nf5 58. Re1+ Ne3+ 59. Kh3
Nd6 60. h6 Ndf5 61. Rb1 Nxh6 62. Rb6+ Rd6 63. Rb7 Nf7 64. Bc3 h5 65. Rb5 g4+
66. Kh4 g3 67. Kxh5 g2 0-1

[Event "10. OSIJEK OPEN"]
[Site "Osijek"]
[Date "2017.02.25"]
[Round "5.6"]
[White "Klem, Davor"]
[Black "Roklicer, Heike"]
[Result "1/2-1/2"]
[WhiteElo "2058"]
[BlackElo "1992"]
[PlyCount "53"]
[EventDate "2017.02.23"]

1. Nc3 d5 2. d4 c6 3. f3 e6 4. e4 Bb4 5. Nh3 dxe4 6. Bg5 Qa5 7. Bd2 e3 8. Bxe3
Bxc3+ 9. bxc3 Qxc3+ 10. Kf2 Nf6 11. Nf4 b6 12. Bd3 Ba6 13. Ne2 Qa3 14. c4 Nbd7
15. Bc1 Qe7 16. Qa4 Bb7 17. Ba3 Qd8 18. Rhe1 Qc7 19. Kg1 c5 20. d5 O-O 21. dxe6
fxe6 22. Nc3 Qd6 23. Qc2 Qd4+ 24. Kh1 Ne5 25. Rad1 Nxd3 26. Qxd3 Qxd3 27. Rxd3
1/2-1/2

[Event "10. OSIJEK OPEN"]
[Site "Osijek"]
[Date "2017.02.25"]
[Round "5.7"]
[White "Lovric, Petar"]
[Black "Radikovic, Anamarija"]
[Result "1/2-1/2"]
[WhiteElo "2035"]
[BlackElo "1849"]
[PlyCount "72"]
[EventDate "2017.02.23"]

1. g3 e5 2. Bg2 d5 3. c4 c6 4. cxd5 cxd5 5. Nf3 e4 6. Nd4 Bc5 7. Nb3 Bb6 8. O-O
Nf6 9. d3 Bf5 10. Nc3 exd3 11. exd3 O-O 12. Bg5 h6 13. Bxf6 Qxf6 14. Nxd5 Qd6
15. Nxb6 Qxb6 16. Qf3 Bc8 17. d4 Nc6 18. Qc3 Rd8 19. Rad1 Bg4 20. Rd2 Rac8 21.
d5 Ne7 22. Qe3 Qc7 23. h3 Bf5 24. Rc1 Qd6 25. Rxc8 Nxc8 26. Nc5 Qc7 27. b3 Nd6
28. Nd3 a6 29. Qc5 Qd7 30. g4 Be4 31. Qd4 Bxg2 32. Kxg2 Nb5 33. Nc5 Nxd4 34.
Nxd7 Nxb3 35. Nf6+ gxf6 36. axb3 Kf8 1/2-1/2

[Event "10. OSIJEK OPEN"]
[Site "Osijek"]
[Date "2017.02.25"]
[Round "5.8"]
[White "Mutapcic, Ilija"]
[Black "Berke, Ana"]
[Result "0-1"]
[WhiteElo "1817"]
[BlackElo "2185"]
[PlyCount "108"]
[EventDate "2017.02.23"]

1. f4 d5 2. e3 c5 3. b3 Nf6 4. Bb2 Nc6 5. Nf3 e6 6. Be2 b6 7. O-O Bd6 8. Qe1
O-O 9. d3 Nb4 10. Bd1 Bb7 11. a3 Nc6 12. Ne5 Ne7 13. Nd2 Rc8 14. g4 b5 15. Qg3
Ne8 16. h4 f6 17. Nef3 c4 18. bxc4 bxc4 19. dxc4 dxc4 20. Bd4 Bc5 21. c3 Nd5
22. Bxc5 Rxc5 23. Nd4 Ndc7 24. Bf3 Bxf3 25. Qxf3 Nd6 26. Ne4 Nxe4 27. Qxe4 Qd5
28. Qxd5 exd5 29. Rab1 Re8 30. Kf2 Ne6 31. Nxe6 Rxe6 32. Rb8+ Kf7 33. Rb7+ Re7
34. Rfb1 Ra5 35. Rxe7+ Kxe7 36. Rb7+ Kd6 37. Rxg7 Rxa3 38. Rxh7 Rxc3 39. Rxa7
Rc1 40. Ke2 Rc2+ 41. Kd1 Rh2 42. Ra6+ Kc5 43. Rxf6 c3 44. h5 Kc4 45. Rc6+ Kd3
46. Ke1 c2 47. f5 Kxe3 48. Rc3+ Kd4 49. Rxc2 Rxc2 50. f6 Ke3 51. Kd1 Rc7 52. g5
d4 53. g6 d3 54. f7 d2 0-1

[Event "10. OSIJEK OPEN"]
[Site "Osijek"]
[Date "2017.02.25"]
[Round "5.9"]
[White "Boban, Sten"]
[Black "Ljubicic, Ninoslav"]
[Result "1-0"]
[WhiteElo "2082"]
[BlackElo "1821"]
[PlyCount "75"]
[EventDate "2017.02.23"]

1. d4 g6 2. e4 Bg7 3. Be3 b6 4. f3 e6 5. Qd2 Bb7 6. Nc3 Ne7 7. h4 a5 8. Bh6
Bxh6 9. Qxh6 Ng8 10. Qf4 Ba6 11. O-O-O Bxf1 12. Rxf1 Na6 13. e5 c6 14. Ne4 Qe7
15. Nd6+ Kf8 16. Nh3 Nb4 17. Ng5 Nh6 18. a3 Nd5 19. Nxe6+ Qxe6 20. Qxh6+ Ke7
21. Re1 b5 22. h5 gxh5 23. Qg5+ Kf8 24. Rxh5 Rg8 25. Qh4 Rg7 26. Rxh7 Rxh7 27.
Qxh7 Qg6 28. Rh1 Ke7 29. Qxg6 fxg6 30. Rh7+ Ke6 31. Rg7 Ne7 32. Rf7 Rh8 33. b3
b4 34. axb4 axb4 35. Kd2 Rh2 36. Kd3 Rxg2 37. Rf6+ Kd5 38. Ne8 1-0

[Event "10. OSIJEK OPEN"]
[Site "Osijek"]
[Date "2017.02.25"]
[Round "5.10"]
[White "Zagorscak, Dino"]
[Black "Kejzar, Petra"]
[Result "1-0"]
[WhiteElo "1811"]
[BlackElo "2044"]
[PlyCount "83"]
[EventDate "2017.02.23"]

1. e4 c5 2. Nc3 Nc6 3. f4 g6 4. Nf3 Bg7 5. g3 e6 6. Bg2 d6 7. O-O Nge7 8. Kh1
O-O 9. d3 Rb8 10. Ne2 b5 11. c3 f5 12. Qc2 Bb7 13. Be3 Qc8 14. Rfe1 c4 15. Nd2
cxd3 16. Qxd3 Rd8 17. Rac1 d5 18. e5 a5 19. Nb3 a4 20. Nbd4 Ba6 21. Nxc6 Nxc6
22. Nd4 Bf8 23. Bf1 b4 24. Qxa6 Qxa6 25. Bxa6 Nxd4 26. cxd4 b3 27. a3 Rb6 28.
Bd3 Rdb8 29. Ra1 Be7 30. Kg2 Bf8 31. Kf2 Be7 32. Ke2 R6b7 33. Rec1 Bf8 34. Rc6
Rb6 35. Rxb6 Rxb6 36. Bd2 Kf7 37. Rc1 Rb7 38. Kd1 Be7 39. Rc8 Bxa3 40. bxa3 b2
41. Bb4 h6 42. Kc2 1-0

[Event "10. OSIJEK OPEN"]
[Site "Osijek"]
[Date "2017.02.25"]
[Round "5.11"]
[White "Grguric, Damir"]
[Black "Brkic, Valent"]
[Result "1-0"]
[WhiteElo "2001"]
[BlackElo "1911"]
[PlyCount "59"]
[EventDate "2017.02.23"]

1. d4 Nf6 2. c4 e6 3. Nf3 d5 4. Nc3 Be7 5. Bf4 c6 6. e3 O-O 7. Be2 dxc4 8. Bxc4
a6 9. O-O b5 10. Bd3 c5 11. dxc5 Bxc5 12. Ne4 Be7 13. Nxf6+ Bxf6 14. Be4 e5 15.
Bxa8 exf4 16. Qxd8 Rxd8 17. Rad1 Re8 18. b3 fxe3 19. fxe3 Bg4 20. e4 h6 21. h3
Bh5 22. Rc1 b4 23. Rc4 Bc3 24. Rd1 Kh7 25. Bb7 Re7 26. Bd5 a5 27. g4 Bg6 28.
Nh4 Na6 29. Nxg6 Kxg6 30. Rc6+ 1-0

[Event "10. OSIJEK OPEN"]
[Site "Osijek"]
[Date "2017.02.25"]
[Round "5.12"]
[White "Oberman, Hotimir"]
[Black "Dzaferovic, Emir"]
[Result "1-0"]
[WhiteElo "1918"]
[BlackElo "1733"]
[PlyCount "43"]
[EventDate "2017.02.23"]

1. e4 e5 2. Nf3 Nc6 3. Bb5 a6 4. Ba4 Nf6 5. O-O Be7 6. Re1 b5 7. Bb3 d6 8. c3
Bg4 9. h3 Bh5 10. d4 exd4 11. cxd4 Bxf3 12. gxf3 O-O 13. f4 Na5 14. Bc2 Qc8 15.
Kh2 g6 16. Rg1 c5 17. e5 dxe5 18. fxe5 Nh5 19. Qxh5 cxd4 20. Qe2 Re8 21. f4 f6
22. Bxg6 1-0

[Event "10. OSIJEK OPEN"]
[Site "Osijek"]
[Date "2017.02.25"]
[Round "5.13"]
[White "Cvijanovic, Srecko"]
[Black "Oreskovic, Pero"]
[Result "0-1"]
[WhiteElo "1774"]
[BlackElo "1975"]
[PlyCount "64"]
[EventDate "2017.02.23"]

1. e4 c5 2. Nf3 d6 3. c3 Nf6 4. h3 Nc6 5. Bd3 e5 6. Bc2 g6 7. d4 cxd4 8. cxd4
exd4 9. Nxd4 Bg7 10. O-O O-O 11. Nc3 d5 12. Nxc6 bxc6 13. exd5 Nxd5 14. Ne4 Rb8
15. Rb1 Bf5 16. a3 Qc7 17. Nc5 Rbd8 18. Bd2 Qe7 19. Bxf5 Qxc5 20. Qc2 Qd6 21.
Be4 Rfe8 22. Rfd1 Bd4 23. Bg5 Bf6 24. Bxf6 Qxf6 25. b4 Nc3 26. Rxd8 Rxd8 27.
Rc1 Nxe4 28. Qxe4 Rd6 29. Qc4 Qb2 30. Qc3 Rd1+ 31. Kh2 Qxc1 32. Qe5 Re1 0-1

[Event "10. OSIJEK OPEN"]
[Site "Osijek"]
[Date "2017.02.25"]
[Round "5.14"]
[White "Kajic, Josip"]
[Black "Imsirovic, Alen"]
[Result "0-1"]
[WhiteElo "1733"]
[BlackElo "1971"]
[PlyCount "68"]
[EventDate "2017.02.23"]

1. e4 e5 2. Nf3 Nc6 3. Bb5 a6 4. Ba4 Nf6 5. O-O Be7 6. d3 b5 7. Bb3 d6 8. a4
Bg4 9. c3 O-O 10. h3 Bh5 11. Nbd2 Na5 12. Bc2 c5 13. Re1 Bg6 14. Nf1 Qc7 15.
Ne3 Rfd8 16. c4 Qb7 17. b3 Nc6 18. Nd5 Nxd5 19. exd5 Nb4 20. Ng5 bxc4 21. bxc4
Rab8 22. Rb1 Qc7 23. Ne4 Rb7 24. Ba3 Rdb8 25. Bxb4 Rxb4 26. Rxb4 Rxb4 27. Nc3
Qa5 28. Qa1 Bf6 29. Qa3 h6 30. Na2 Rxa4 31. Qxa4 Qxe1+ 32. Kh2 e4 33. Qe8+ Kh7
34. dxe4 Be5+ 0-1

[Event "10. OSIJEK OPEN"]
[Site "Osijek"]
[Date "2017.02.25"]
[Round "5.15"]
[White "Golubicic, Luka"]
[Black "Rendulic, Dragan"]
[Result "1-0"]
[WhiteElo "1913"]
[BlackElo "1742"]
[PlyCount "107"]
[EventDate "2017.02.23"]

1. e4 c5 2. b3 d6 3. Bb2 e5 4. Nf3 Nf6 5. d3 Be7 6. Be2 O-O 7. O-O Nc6 8. Nbd2
a6 9. Nc4 Nh5 10. Nfxe5 Nf4 11. Nxc6 Nxe2+ 12. Qxe2 bxc6 13. Ne3 Bf6 14. Bxf6
Qxf6 15. Qd2 Rb8 16. f4 Re8 17. Rab1 Rb5 18. Kh1 Qh4 19. Nc4 Re6 20. Qf2 Qxf2
21. Rxf2 d5 22. Nd2 a5 23. c4 Rb4 24. a3 Rb8 25. Rff1 Re7 26. Rfe1 d4 27. a4
Reb7 28. Kg1 f5 29. Kf2 Kf7 30. Ke2 Kf6 31. Kd1 Be6 32. Kc2 Bf7 33. exf5 Kxf5
34. Ne4 Rd8 35. Nxc5 Rbb8 36. g3 Re8 37. Ne4 Re6 38. Ng5 Rxe1 39. Rxe1 Re8 40.
Rxe8 Bxe8 41. Nxh7 c5 42. Ng5 Bc6 43. Kd2 Bb7 44. Ke2 Bc6 45. Kf2 g6 46. Nf3
Bb7 47. Ne5 g5 48. Nd7 g4 49. Nxc5 Bf3 50. Ne4 Bxe4 51. dxe4+ Kxe4 52. Ke2 d3+
53. Kd2 Kf3 54. f5 1-0

[Event "10. OSIJEK OPEN"]
[Site "Osijek"]
[Date "2017.02.25"]
[Round "5.16"]
[White "Macanga, Branko"]
[Black "Biljcevic, Miodrag"]
[Result "1-0"]
[WhiteElo "1900"]
[BlackElo "1780"]
[PlyCount "53"]
[EventDate "2017.02.23"]

1. Nf3 d5 2. c4 c6 3. g3 Nf6 4. Bg2 g6 5. d4 Bg7 6. O-O O-O 7. Nc3 Nbd7 8. c5
Re8 9. b4 e5 10. e3 e4 11. Nd2 Nf8 12. b5 Ne6 13. a4 Bd7 14. f3 exf3 15. Nxf3
Ne4 16. Nxe4 dxe4 17. Nd2 Nxc5 18. Ba3 Ne6 19. Nxe4 Ng5 20. Nd6 Rxe3 21. Bc1
Re6 22. Nxb7 Qe7 23. Ba3 Qe8 24. Nd6 Rxd6 25. Bxd6 Qe3+ 26. Kh1 Bxd4 27. Bf4
1-0

[Event "10. OSIJEK OPEN"]
[Site "Osijek"]
[Date "2017.02.25"]
[Round "5.17"]
[White "Ascic, Matos"]
[Black "Lucan, Darko"]
[Result "0-1"]
[WhiteElo "1713"]
[BlackElo "1900"]
[PlyCount "106"]
[EventDate "2017.02.23"]

1. e4 d6 2. Nc3 g6 3. d4 Bg7 4. Bc4 Nf6 5. Bg5 O-O 6. Qd2 c6 7. Bh6 Qb6 8. Bxg7
Kxg7 9. Bb3 a5 10. a4 Be6 11. Bxe6 fxe6 12. Nge2 Nbd7 13. Nf4 Kf7 14. O-O-O e5
15. Nfe2 exd4 16. Qxd4 c5 17. Qc4+ Kg7 18. f4 Qb4 19. Qe6 Nb6 20. e5 Nc4 21.
exf6+ Rxf6 22. Qxe7+ Kh6 23. Rd3 Qxb2+ 24. Kd1 Qa1+ 25. Nc1 Nb2+ 26. Kd2 Nxd3
27. Qxf6 Nb2 28. Qe7 Nc4+ 29. Kd3 Nb2+ 30. Ke2 Nc4 31. g4 Qxc3 32. g5+ Kh5 33.
Qxh7+ Kg4 34. Rg1+ Kf5 35. Qd7+ Ke4 36. Qxb7+ Kf5 37. Qf7+ Ke4 38. Qe6+ Ne5 39.
Re1 Kxf4 40. Nd3+ Kxg5 41. Qe7+ Kh6 42. Qh4+ Kg7 43. Nxe5 Re8 44. Kd1 Rxe5 45.
Rxe5 Qxe5 46. h3 Qh5+ 47. Qxh5 gxh5 48. Kd2 d5 49. Ke3 Kf6 50. Kf4 Ke6 51. Kg5
d4 52. Kxh5 Kf5 53. Kh6 c4 0-1

[Event "10. OSIJEK OPEN"]
[Site "Osijek"]
[Date "2017.02.25"]
[Round "5.18"]
[White "Vukajlovic, Zorana"]
[Black "Lovakovic, Franjo"]
[Result "0-1"]
[WhiteElo "1709"]
[BlackElo "1877"]
[PlyCount "110"]
[EventDate "2017.02.23"]

1. e4 e6 2. d4 d5 3. Nd2 dxe4 4. Nxe4 Nf6 5. Bd3 Nbd7 6. Nf3 c5 7. dxc5 Bxc5 8.
Nxc5 Nxc5 9. Bb5+ Bd7 10. Bxd7+ Qxd7 11. O-O O-O 12. Qxd7 Ncxd7 13. Be3 Nd5 14.
Bd4 Nb4 15. Ne1 Nc6 16. Nf3 a6 17. Rfd1 Nxd4 18. Rxd4 Nf6 19. c4 Rfd8 20. Rad1
Rxd4 21. Rxd4 Kf8 22. Kf1 Ke7 23. Ne5 Rc8 24. f3 Rc7 25. Ke2 Ne8 26. c5 Nf6 27.
b4 Nd5 28. a3 b6 29. cxb6 Nxb6 30. Kd2 f6 31. Ng4 Nc4+ 32. Kc3 Nxa3+ 33. Kb3
Nb5 34. Rc4 Rd7 35. Ka4 e5 36. Ne3 Rd3 37. Nc2 Kd6 38. Ka5 Nc7 39. Kb6 Nd5+ 40.
Kxa6 Rd2 41. b5 Rxc2 42. Rxc2 Nb4+ 43. Ka7 Nxc2 44. b6 Nd4 45. b7 Nc6+ 46. Kb6
f5 47. Kb5 Kc7 48. Kc5 Kxb7 49. Kc4 Kc7 50. Kc5 Kd7 51. Kd5 g6 52. g4 fxg4 53.
fxg4 g5 54. h3 h6 55. Ke4 Ke6 0-1

[Event "10. OSIJEK OPEN"]
[Site "Osijek"]
[Date "2017.02.25"]
[Round "5.19"]
[White "Dabic, Stjepan"]
[Black "Galonja, Igor"]
[Result "1-0"]
[WhiteElo "1867"]
[BlackElo "1729"]
[PlyCount "57"]
[EventDate "2017.02.23"]

1. d4 e6 2. e3 Nf6 3. Bd3 d5 4. f4 c5 5. c3 Nc6 6. Nf3 cxd4 7. exd4 Bd6 8. O-O
Qc7 9. Ne5 Bd7 10. a4 h5 11. b4 a6 12. Nd2 Bxe5 13. fxe5 Ng4 14. Nb3 g6 15. h3
Nh6 16. Bxh6 Rxh6 17. Qd2 Rh8 18. Qf4 Rf8 19. Bxg6 O-O-O 20. Bxh5 Rh8 21. Bg4
Kb8 22. Nc5 Rdf8 23. b5 axb5 24. axb5 Ne7 25. b6 Qd8 26. Ra3 Nc8 27. c4 Nxb6
28. Rb1 Kc7 29. Rab3 1-0

[Event "10. OSIJEK OPEN"]
[Site "Osijek"]
[Date "2017.02.25"]
[Round "5.20"]
[White "Perci, Franjo"]
[Black "Sos, Fran"]
[Result "0-1"]
[WhiteElo "1700"]
[BlackElo "1863"]
[PlyCount "86"]
[EventDate "2017.02.23"]

1. e4 c5 2. Bc4 d6 3. Nc3 Nc6 4. a3 g6 5. Nge2 Bg7 6. h3 Nf6 7. O-O a6 8. d3
O-O 9. Ng3 e6 10. Bg5 h6 11. Bd2 b5 12. Ba2 Qc7 13. f4 Ne7 14. Qe2 Bd7 15. Rae1
Rfe8 16. Nd1 Bc6 17. Ne3 d5 18. e5 Nd7 19. c3 Qb6 20. Nc2 a5 21. d4 b4 22. dxc5
Qb7 23. cxb4 Bb5 24. Qf3 Bxf1 25. Rxf1 Nc6 26. Bb1 Reb8 27. Ne2 Bf8 28. Ncd4
Nxc5 29. Nxc6 Ne4 30. Bc3 Qxc6 31. Nd4 Qb7 32. b5 Bc5 33. Rd1 Nxc3 34. Qxc3
Qxb5 35. Rd2 Qb6 36. Kh2 Bxd4 37. Qg3 Kg7 38. h4 Bg1+ 39. Kh1 Qe3 40. Qg4 Qxd2
41. Bxg6 fxg6 42. Qxe6 Qxf4 43. h5 Qh2# 0-1

[Event "10. OSIJEK OPEN"]
[Site "Osijek"]
[Date "2017.02.25"]
[Round "5.21"]
[White "Turicar, Goran"]
[Black "Borzan, Andrej"]
[Result "1-0"]
[WhiteElo "1860"]
[BlackElo "1657"]
[PlyCount "45"]
[EventDate "2017.02.23"]

1. e4 e5 2. Nf3 Nc6 3. d4 exd4 4. Bc4 Bb4+ 5. c3 Ba5 6. Qb3 Qe7 7. O-O dxc3 8.
bxc3 Bb6 9. Ba3 Qf6 10. e5 Qg6 11. Nbd2 Na5 12. Qb4 c5 13. Qa4 Nxc4 14. Nxc4
Ne7 15. Nd6+ Kf8 16. Rab1 Rb8 17. Nd2 Nf5 18. Nxc8 Rxc8 19. Qxd7 Qe6 20. Qxb7
g6 21. Nf3 Rc7 22. Qa6 Qxa2 23. Bxc5+ 1-0